[Event "Vaxjo Veteran-SM 2008"]
[Site "Vaxjo"]
[Date "2008.07.09"]
[Round "7"]
[White "Agrest, Roman"]
[Black "Plato, Bo Sixten"]
[Result "1/2-1/2"]
[WhiteElo "2072"]
[BlackElo "2051"]
[PlyCount "55"]
[EventDate "2008.07.02"]
[EventType "swiss"]
[EventRounds "9"]
[EventCountry "SWE"]
[SourceTitle "EXT 2024"]
[Source "ChessBase"]
[SourceDate "2023.10.10"]
[SourceVersion "1"]
[SourceVersionDate "2023.10.10"]
[SourceQuality "1"]

1. Nf3 Nf6 2. c4 e6 3. e3 d5 4. Nc3 Be7 5. Be2 0-0 6. 0-0 c5 7. cxd5 exd5 8. d4 b6 9. b3 Ba6 10. Bxa6 Nxa6 11. Qe2 Nc7 12. dxc5 bxc5 13. Rd1 Re8 14. Bb2 Bf8 15. Qc2 Rc8 16. Rac1 h6 17. Ne2 Ne6 18. Qf5 d4 19. exd4 g6 20. Qd3 cxd4 21. Rxc8 Qxc8 22. Nexd4 Nf4 23. Qf1 Qg4 24. Kh1 Rd8 25. Ne5 Qg5 26. Nef3 Qg4 27. Ne5 Qg5 28. Nef3 1/2-1/2

[Event "SWE-ch Seniors"]
[Site "Stockholm"]
[Date "2007.07.11"]
[Round "7"]
[White "Soderborg, Berndt"]
[Black "Agrest, Roman"]
[Result "1-0"]
[WhiteElo "2126"]
[BlackElo "2161"]
[PlyCount "91"]
[EventDate "2007.07.04"]
[EventType "swiss"]
[EventRounds "9"]
[EventCountry "SWE"]
[SourceTitle "CBM 119 Extra"]
[Source "ChessBase"]
[SourceDate "2007.09.04"]
[SourceVersion "1"]
[SourceVersionDate "2007.09.04"]
[SourceQuality "1"]

1. e4 c5 2. Nf3 e6 3. Nc3 a6 4. d4 cxd4 5. Nxd4 Qc7 6. Be2 Nf6 7. Bf3 d6 8. 0-0 Nbd7 9. g3 Rb8 10. Bg2 b5 11. Re1 Be7 12. a3 Nb6 13. e5 dxe5 14. Nc6 0-0 15. Nxb8 Qxb8 16. Qe2 Nfd7 17. b3 f5 18. Bb2 Bb7 19. a4 b4 20. Nd1 Bd6 21. Bxb7 Qxb7 22. Ne3 f4 23. Nc4 Nxc4 24. Qxc4 Rf6 25. Qe4 Qb6 26. Re2 Nc5 27. Qc4 Rf5 28. Rf1 fxg3 29. hxg3 Qc6 30. f4 Rh5 31. Rg2 e4 32. f5 Qd5 33. Qxd5 exd5 34. g4 Rh4 35. Rd1 h5 36. Rxd5 Bf8 37. Bd4 Nb7 38. f6 hxg4 39. fxg7 Be7 40. Rd7 Bc5 41. Bxc5 Nxc5 42. Rd4 a5 43. Rc4 Nd7 44. Rxe4 Nf6 45. Re7 Nh5 46. Rd2 1-0

[Event "SWE-ch Seniors"]
[Site "Stockholm"]
[Date "2007.07.06"]
[Round "3"]
[White "Andersson, Sven Olof"]
[Black "Agrest, Roman"]
[Result "1/2-1/2"]
[WhiteElo "2095"]
[BlackElo "2161"]
[PlyCount "37"]
[EventDate "2007.07.04"]
[EventType "swiss"]
[EventRounds "9"]
[EventCountry "SWE"]
[SourceTitle "CBM 119 Extra"]
[Source "ChessBase"]
[SourceDate "2007.09.04"]
[SourceVersion "1"]
[SourceVersionDate "2007.09.04"]
[SourceQuality "1"]

1. d4 Nf6 2. Nf3 b5 3. g3 Bb7 4. Bg2 e6 5. 0-0 c5 6. Bg5 h6 7. Bxf6 Qxf6 8. c3 Nc6 9. e4 d6 10. e5 dxe5 11. dxe5 Qd8 12. Nbd2 Qc7 13. Qe2 a6 14. a4 b4 15. cxb4 Nxb4 16. Rac1 Be7 17. Nc4 0-0 18. Rfd1 Bd5 19. Ne1 1/2-1/2

[Event "EU Union-ch 3rd"]
[Site "Arvier"]
[Date "2007.06.24"]
[Round "10"]
[White "Marguerettaz, Davy"]
[Black "Agrest, Roman"]
[Result "0-1"]
[WhiteElo "2005"]
[BlackElo "2161"]
[PlyCount "96"]
[EventDate "2007.06.15"]
[EventType "swiss"]
[EventRounds "10"]
[EventCountry "ITA"]
[SourceTitle "CBM 118 Extra"]
[Source "ChessBase"]
[SourceDate "2007.07.04"]
[SourceVersion "1"]
[SourceVersionDate "2007.07.04"]
[SourceQuality "1"]

1. d4 Nf6 2. c4 e6 3. Nc3 Bb4 4. e3 0-0 5. Nge2 d5 6. Qb3 Be7 7. g3 Nc6 8. cxd5 exd5 9. Bg2 Na5 10. Qa4 c6 11. Nf4 Bf5 12. 0-0 Nc4 13. f3 b5 14. Qd1 b4 15. Na4 Re8 16. Re1 Bd6 17. b3 Nb6 18. g4 Nxa4 19. bxa4 Bc8 20. Nd3 a5 21. Bb2 h6 22. Rc1 Bd7 23. h3 Nh7 24. e4 Bg3 25. Re2 dxe4 26. fxe4 h5 27. gxh5 Qh4 28. Nf2 Ng5 29. Qf1 Qxh5 30. Rc5 Re6 31. Bc1 Rg6 32. Bxg5 Rxg5 33. Rxg5 Qxg5 34. Kh1 Rc8 35. Nd3 Re8 36. Nc5 Bc8 37. Rc2 Qe3 38. Nb3 Re6 39. Nxa5 Bd7 40. Nb3 Rh6 41. Re2 Qg5 42. a5 c5 43. dxc5 Bb5 44. Qc1 Bf4 45. Qc2 Bxe2 46. Qxe2 Qg3 47. Kg1 Be3+ 48. Kh1 Rxh3+ 0-1

[Event "EU Union-ch 3rd"]
[Site "Arvier"]
[Date "2007.06.23"]
[Round "9"]
[White "Agrest, Roman"]
[Black "Giacometto, Mario"]
[Result "1-0"]
[WhiteElo "2161"]
[BlackElo "1931"]
[PlyCount "129"]
[EventDate "2007.06.15"]
[EventType "swiss"]
[EventRounds "10"]
[EventCountry "ITA"]
[SourceTitle "CBM 118 Extra"]
[Source "ChessBase"]
[SourceDate "2007.07.04"]
[SourceVersion "1"]
[SourceVersionDate "2007.07.04"]
[SourceQuality "1"]

1. b4 e5 2. Bb2 f6 3. e4 Bxb4 4. Bc4 Ne7 5. Qh5+ Ng6 6. f4 exf4 7. Nh3 Nc6 8. Nxf4 Qe7 9. Kd1 Nce5 10. Bb3 d5 11. Bxe5 Qxe5 12. Qxe5+ Nxe5 13. Nxd5 Bd6 14. h3 h5 15. Nbc3 Bd7 16. d4 Nf7 17. Rf1 Rf8 18. Nf4 Bxf4 19. Rxf4 0-0-0 20. Nd5 Be8 21. c3 Rd7 22. Kc2 Ng5 23. Kb2 c6 24. Ne3 Bf7 25. Bc2 Ne6 26. Rf2 Bg8 27. Raf1 Rdf7 28. Bb3 Re7 29. e5 Ng5 30. Nf5 Rd7 31. Nd6+ Kc7 32. h4 Bxb3 33. hxg5 Be6 34. gxf6 gxf6 35. Rxf6 Rxf6 36. Ne8+ Kd8 37. Nxf6 Rf7 38. Rf3 Rg7 39. g3 Bg4 40. Re3 Ke7 41. c4 Rg5 42. Kc3 Rf5 43. Kd3 Rf2 44. a3 Ra2 45. Ke4 Rc2 46. c5 Ke6 47. Nxg4 hxg4 48. Rb3 Re2+ 49. Kf4 Rd2 50. Rb4 b5 51. cxb6 axb6 52. Kxg4 b5 53. Kf4 Rf2+ 54. Ke4 Re2+ 55. Kf3 Ra2 56. Rb3 Rd2 57. Ke4 Re2+ 58. Re3 Rg2 59. Rc3 Re2+ 60. Kf3 Ra2 61. Rxc6+ Kd5 62. Rc3 Kxd4 63. Re3 Ra1 64. e6 Rf1+ 65. Ke2 1-0

[Event "EU Union-ch 3rd"]
[Site "Arvier"]
[Date "2007.06.22"]
[Round "8"]
[White "Cavatorta, Ivan"]
[Black "Agrest, Roman"]
[Result "0-1"]
[WhiteElo "1878"]
[BlackElo "2161"]
[PlyCount "80"]
[EventDate "2007.06.15"]
[EventType "swiss"]
[EventRounds "10"]
[EventCountry "ITA"]
[SourceTitle "CBM 118 Extra"]
[Source "ChessBase"]
[SourceDate "2007.07.04"]
[SourceVersion "1"]
[SourceVersionDate "2007.07.04"]
[SourceQuality "1"]

1. e4 c5 2. Nf3 d6 3. d4 cxd4 4. Nxd4 Nf6 5. f3 e6 6. c4 a6 7. Nc3 Be7 8. Be3 Nbd7 9. a4 Qc7 10. a5 b6 11. Be2 Bb7 12. Nb3 Rb8 13. Qd2 0-0 14. 0-0 Rfe8 15. Rfd1 Bc8 16. axb6 Nxb6 17. Na5 Rd8 18. Qc1 Nbd7 19. Kh1 Nc5 20. Na4 Nxa4 21. Rxa4 Bd7 22. Ra2 Rb4 23. Qc3 Rbb8 24. Nb3 Qb7 25. Nd4 h6 26. Qa5 Bc8 27. c5 dxc5 28. Bxa6 Qd7 29. Nc6 Qxd1+ 30. Bg1 Qd6 31. Nxd8 Bxd8 32. Qxc5 Qxc5 33. Bxc5 Ra8 34. Bc4 Rxa2 35. Bxa2 Nd7 36. Ba3 Bb6 37. h3 Ba6 38. Kh2 Bc5 39. b4 Bd6+ 40. g3 Bb5 0-1

[Event "Rilton Cup 34th"]
[Site "Stockholm"]
[Date "2005.01.05"]
[Round "9"]
[White "Agrest, Roman"]
[Black "Backelin, Rikard"]
[Result "0-1"]
[WhiteElo "2107"]
[BlackElo "2304"]
[PlyCount "73"]
[EventDate "2004.12.27"]
[EventType "swiss"]
[EventRounds "9"]
[EventCountry "SWE"]
[SourceTitle "CBM 104 Extra"]
[Source "ChessBase"]
[SourceDate "2005.03.01"]
[SourceVersion "1"]
[SourceVersionDate "2005.03.01"]
[SourceQuality "1"]

1. b4 c6 2. c4 d5 3. e3 e5 4. Qb3 Nf6 5. Bb2 Bd6 6. Nf3 Qe7 7. c5 Bc7 8. d4 e4 9. Ne5 Bxe5 10. dxe5 Nfd7 11. Qc3 0-0 12. Nd2 a5 13. a3 b6 14. Nb3 a4 15. Nd4 bxc5 16. Nf5 Qe6 17. Nd6 Ba6 18. f4 Bxf1 19. Rxf1 f6 20. Nb7 fxe5 21. Nxc5 Nxc5 22. Qxc5 Nd7 23. Qc3 Qg6 24. 0-0-0 exf4 25. Rxf4 Rxf4 26. exf4 Rf8 27. g3 Nb6 28. Qc2 e3 29. Qxg6 hxg6 30. Kc2 Nc4 31. Bc1 g5 32. Re1 gxf4 33. gxf4 Rxf4 34. Kd3 Ne5+ 35. Ke2 d4 36. h3 Rf2+ 37. Kd1 0-1

[Event "Rilton Cup 34th"]
[Site "Stockholm"]
[Date "2004.12.30"]
[Round "4"]
[White "Lindberg, Bo"]
[Black "Agrest, Roman"]
[Result "1-0"]
[WhiteElo "2326"]
[BlackElo "2107"]
[PlyCount "53"]
[EventDate "2004.12.27"]
[EventType "swiss"]
[EventRounds "9"]
[EventCountry "SWE"]
[SourceTitle "CBM 104 Extra"]
[Source "ChessBase"]
[SourceDate "2005.03.01"]
[SourceVersion "1"]
[SourceVersionDate "2005.03.01"]
[SourceQuality "1"]

1. d4 b5 2. e4 Bb7 3. Bd3 Nf6 4. Qe2 a6 5. Nf3 e6 6. a4 b4 7. c4 bxc3 8. bxc3 d5 9. Nbd2 c5 10. 0-0 Nc6 11. Rb1 Qc7 12. dxc5 Bxc5 13. exd5 Nxd5 14. Ne4 Be7 15. Qb2 Rb8 16. c4 Nf6 17. Bg5 Nxe4 18. Bxe7 Kxe7 19. Bxe4 f6 20. Qa3+ Kf7 21. Qc5 Rbc8 22. Rb6 Na5 23. Qh5+ g6 24. Qxa5 Bxe4 25. Nd2 Bb7 26. Rfb1 Rb8 27. Qb4 1-0